000 00766nas a2200253 4500
001 BR2013006728
003 BR-BrBNA
005 20231205122827.0
007 ta
008 230509b bl.|||p| |||| 00| 00por d
040 _aBR-BrBNA
_bpor
_cBiblioteca Nacional de Agricultura
041 _a(En)
072 _aL60; H10
100 1 _aBecker, V.O.
110 1 _a
245 1 _aA review of the new world Atteva walker moths (Yponomeutidae, Attevinae)
650 _aMARIPOSA BRANCA
650 _aNOMENCLATURA
650 _aTAXONOMIA
650 _aPRAGA DE PLANTA
773 0 _tRevista Brasileira de Entomologia (Brazil)
_xISSN 0085-5626
_g(Jul-Sep 2009), v. 53(3) p. 349-355
_wBR2013006728
909 _a202311
_bLúcia
_c55
_dLúcia Elande
942 _2AGRIS
_n0
_cANA
999 _c230794
_d230794